[Event "PMPJ 2022 - C13"]
[Site "Jastrzebia Gora"]
[Date "2022.11.12"]
[Round "9.13"]
[White "Baranowski, Jan"]
[Black "Fil, Grzegorz"]
[Result "1/2-1/2"]
[BlackElo "1140"]
[WhiteElo "1212"]
[LiveChessVersion "1.4.4"]

1. e4 e5 2. Nf3 Nc6 3. d4 exd4 4. Nxd4 Bc5 5. Be3 Qf6 6. c3 Nge7 7. Bc4 O-O 8.
O-O Bb6 9. Na3 Nxd4 10. cxd4 c6 11. e5 Qg6 12. Bd3 Qe6 13. Nc4 Bc7 14. Qh5 g6 15.
Qh6 d6 16. Bg5 dxe5 17. dxe5 Nd5 18. Rae1 b5 19. Be4 Bd8 20. Bxd5 cxd5 21. Nd2
Bxg5 22. Qxg5 b4 23. f4 Qf5 24. Qh6 f6 25. exf6 Qxf6 26. Nf3 Qxf4 27. Ng5 Qd4+
28. Kh1 Rxf1+ 29. Rxf1 Qg7 30. Qh4 Bf5 31. Qxb4 Re8 32. Qb5 Qd7 1/2-1/2

[Event "PMPJ 2022 - C13"]
[Site "Jastrzebia Gora"]
[Date "2022.11.12"]
[Round "9.14"]
[White "Wiecek, Dominik"]
[Black "Raszkiewicz, Wiktor"]
[Result "1-0"]
[BlackElo "1221"]
[WhiteElo "1077"]
[LiveChessVersion "1.4.4"]

1. d4 d5 2. c4 e6 3. Nc3 Nf6 4. cxd5 exd5 5. Bg5 c6 6. Qc2 Be6 7. e3 Nbd7 8. Bd3
h6 9. Bh4 Bd6 10. Nge2 O-O 11. f3 Be7 12. O-O c5 13. Nf4 g5 14. Nxe6 fxe6 15. Bf2
c4 16. Be2 Kg7 17. f4 gxf4 18. exf4 Qe8 19. Be3 Qg6 20. Qxg6+ Kxg6 21. Rf3 a6 22.
Raf1 Bd6 23. f5+ exf5 24. Rxf5 Be7 25. Nxd5 Nxd5 26. Rxd5 Rxf1+ 27. Kxf1 Nf6 28.
Re5 Rf8 29. Ke1 Bb4+ 30. Bd2 Bd6 31. Re6 Bxh2 32. Bxc4 Bg3+ 33. Ke2 Re8 34. Rxe8
Nxe8 35. Bd3+ Kg7 36. Kf3 Bd6 37. Be4 b6 38. Bf4 Bxf4 39. Kxf4 Nd6 40. Ke5 Nc4+
41. Ke6 Nxb2 42. Ke7 Nc4 43. d5 1-0

[Event "PMPJ 2022 - C13"]
[Site "Jastrzebia Gora"]
[Date "2022.11.12"]
[Round "9.15"]
[White "Warchol, Wiktor"]
[Black "Michalak, Leon"]
[Result "0-1"]
[BlackElo "1147"]
[WhiteElo "1254"]
[LiveChessVersion "1.4.4"]

1. e4 e5 2. Nf3 Nc6 3. d4 exd4 4. Nxd4 Bc5 5. Nb3 Bb6 6. Nc3 d6 7. Qe2 Be6 8. Be3
Nge7 9. g3 Qd7 10. Bg2 h6 11. O-O-O O-O-O 12. Nd5 Bxe3+ 13. Qxe3 Kb8 14. Nd4 Rhe8
15. Nxe6 fxe6 16. Nxe7 Rxe7 17. f4 e5 18. f5 Rf7 19. c3 Ne7 20. Bh3 Ng8 21. Rhg1
Nf6 22. g4 Qa4 23. Rde1 Qxa2 24. Bf1 Qa1+ 25. Kc2 Qa4+ 26. Kc1 Nd7 27. g5 hxg5
28. Qxg5 Rh8 29. Bg2 Nf6 30. h3 Nh5 31. Qg6 Re7 32. Qg5 Ree8 33. Bf1 Qa1+ 34. Kd2
Qxb2+ 35. Ke3 Qxc3+ 36. Kf2 Reg8 37. h4 Nf4 38. f6 Qd2+ 39. Be2 Nh3+ 0-1

[Event "PMPJ 2022 - C13"]
[Site "Jastrzebia Gora"]
[Date "2022.11.12"]
[Round "9.16"]
[White "Kwiatkowski, Michal"]
[Black "Krasniewski, Grzegorz"]
[Result "1/2-1/2"]
[BlackElo "1129"]
[WhiteElo "1198"]
[LiveChessVersion "1.4.4"]

1. e4 c5 2. Nf3 e6 3. d4 cxd4 4. Nxd4 Nf6 5. Nc3 Nc6 6. g3 Bb4 7. Bg2 Qb6 8. Be3
Bc5 9. Na4 Qa5+ 10. c3 Bxd4 11. Bxd4 Nxd4 12. Qxd4 O-O 13. O-O Rd8 14. Nc5 d6 15.
Nb3 Qc7 16. Rad1 e5 17. Qe3 Be6 18. h3 d5 19. Rfe1 dxe4 20. Nc5 Bxa2 21. Nxe4
Nxe4 22. Qxe4 Rxd1 23. Rxd1 Rb8 24. Ra1 Bc4 25. Rd1 Bb3 26. Rd2 b6 27. Qc6 Qxc6
28. Bxc6 Rc8 29. Bd5 Bxd5 30. Rxd5 f6 1/2-1/2

[Event "PMPJ 2022 - C13"]
[Site "Jastrzebia Gora"]
[Date "2022.11.12"]
[Round "9.17"]
[White "Nagly, Krzysztof"]
[Black "Bastock, Luis"]
[Result "1/2-1/2"]
[BlackElo "1035"]
[WhiteElo "1306"]
[LiveChessVersion "1.4.4"]

1. e4 e5 2. Nf3 Nc6 3. Bb5 a6 4. Ba4 Nf6 5. O-O Be7 6. Re1 b5 7. Bb3 O-O 8. c3 d5
9. exd5 Nxd5 10. d4 exd4 11. cxd4 Bg4 12. Nc3 Nxc3 13. bxc3 Re8 14. Qd3 Na5 15.
Bxf7+ Kxf7 16. Ne5+ Kg8 17. Nxg4 c5 18. Qg3 Rf8 19. Bf4 Bh4 20. Qe3 Nc4 21. Qe6+
Kh8 22. g3 Bg5 23. Ne5 Bxf4 24. Nf7+ Rxf7 25. Qxf7 Bd6 26. dxc5 Bxc5 27. Rad1 Qf8
28. Rd7 Qxf7 29. Rxf7 Rf8 30. Rxf8+ Bxf8 31. Re8 Kg8 32. Ra8 a5 33. Kf1 Kf7 34.
Ke2 Bc5 35. Rb8 Nd6 36. f3 Ke6 37. Ra8 Nc4 38. Kd3 Bg1 39. h3 Bh2 40. g4 Be5 41.
Ra6+ Kd5 42. Ra8 Kc5 43. Rf8 Bd6 44. Rf5+ Ne5+ 45. Kc2 Kc4 1/2-1/2

[Event "PMPJ 2022 - C15"]
[Site "Jastrzebia Gora"]
[Date "2022.11.06"]
[Round "1.1"]
[White "Gbiorczyk, Mikolaj"]
[Black "Bialy, Borys"]
[Result "1-0"]
[BlackElo "1526"]
[WhiteElo "1824"]
[LiveChessVersion "1.4.4"]

1. e4 {[%clk 1:30:56]} c5 {[%clk 1:30:46]} 2. Nf3 {[%clk 1:31:14]} e6
{[%clk 1:30:50]} 3. b3 {[%clk 1:31:06]} d5 {[%clk 1:29:48]} 4. exd5
{[%clk 1:31:20]} exd5 {[%clk 1:30:08]} 5. Bb5+ {[%clk 1:28:49]} Bd7
{[%clk 1:25:41]} 6. Bxd7+ {[%clk 1:29:02]} Nxd7 {[%clk 1:25:52]} 7. O-O
{[%clk 1:28:14]} Bd6 {[%clk 1:19:09]} 8. Bb2 {[%clk 1:21:13]} d4 {[%clk 1:19:18]}
9. Qe2+ {[%clk 1:11:45]} Ne7 {[%clk 1:16:14]} 10. c3 {[%clk 1:10:18]} dxc3
{[%clk 1:12:09]} 11. Nxc3 {[%clk 1:09:55]} O-O {[%clk 1:11:12]} 12. Ne4
{[%clk 1:08:21]} Nb6 {[%clk 1:05:34]} 13. d4 {[%clk 1:05:25]} cxd4
{[%clk 0:57:41]} 14. Nxd4 {[%clk 1:04:27]} Be5 {[%clk 0:50:56]} 15. Rfd1
{[%clk 0:59:01]} Ned5 {[%clk 0:45:08]} 16. Nf5 {[%clk 0:45:38]} Qb8
{[%clk 0:38:29]} 17. Ng5 {[%clk 0:35:23]} Nc3 {[%clk 0:24:54]} 18. Bxc3
{[%clk 0:29:34]} Bxc3 {[%clk 0:24:46]} 19. Qh5 {[%clk 0:29:59]} h6
{[%clk 0:24:17]} 20. Nxh6+ {[%clk 0:30:18]} 1-0

[Event "PMPJ 2022 - C15"]
[Site "Jastrzebia Gora"]
[Date "2022.11.06"]
[Round "1.2"]
[White "Jankowski, Franciszek"]
[Black "Wydmanski, Szymon"]
[Result "0-1"]
[BlackElo "1809"]
[WhiteElo "1500"]
[LiveChessVersion "1.4.4"]

1. d4 {[%clk 1:28:43]} Nf6 {[%clk 1:30:54]} 2. c4 {[%clk 1:28:57]} c5
{[%clk 1:31:19]} 3. d5 {[%clk 1:29:22]} e6 {[%clk 1:31:30]} 4. Nf3
{[%clk 1:29:26]} exd5 {[%clk 1:31:33]} 5. cxd5 {[%clk 1:29:49]} d6
{[%clk 1:31:15]} 6. Nc3 {[%clk 1:29:13]} g6 {[%clk 1:31:26]} 7. e4
{[%clk 1:29:30]} Bg7 {[%clk 1:31:19]} 8. h3 {[%clk 1:28:35]} O-O {[%clk 1:31:15]}
9. Bd3 {[%clk 1:28:10]} Re8 10. O-O {[%clk 1:28:02]} a6 {[%clk 1:28:29]} 11. a4
{[%clk 1:27:44]} c4 {[%clk 1:25:28]} 12. Bxc4 {[%clk 1:18:39]} Nxe4
{[%clk 1:24:28]} 13. Nxe4 {[%clk 1:15:58]} Rxe4 {[%clk 1:24:24]} 14. Qc2
{[%clk 1:15:34]} Re8 {[%clk 1:15:02]} 15. Bg5 {[%clk 1:12:09]} Qa5
{[%clk 1:09:03]} 16. Rfe1 {[%clk 1:05:51]} Rxe1+ {[%clk 1:08:16]} 17. Rxe1
{[%clk 1:06:14]} Bd7 {[%clk 1:08:34]} 18. Bb3 {[%clk 0:52:55]} h6
{[%clk 0:57:08]} 19. Be3 {[%clk 0:30:24]} b5 {[%clk 0:31:34]} 20. Bd2
{[%clk 0:28:03]} Qd8 {[%clk 0:31:28]} 21. Qe4 {[%clk 0:17:07]} bxa4
{[%clk 0:26:58]} 22. Bxa4 {[%clk 0:16:50]} Bxa4 {[%clk 0:24:47]} 23. Qxa4
{[%clk 0:17:11]} Nd7 {[%clk 0:25:08]} 24. Ba5 {[%clk 0:11:34]} Qc8
{[%clk 0:19:45]} 25. Re7 {[%clk 0:09:18]} Ne5 {[%clk 0:17:59]} 26. Qf4
{[%clk 0:08:29]} g5 {[%clk 0:14:30]} 27. Qe3 {[%clk 0:06:41]} Qc4
{[%clk 0:12:48]} 28. Bc3 {[%clk 0:04:34]} Qxd5 {[%clk 0:06:54]} 29. Nxe5
{[%clk 0:03:40]} dxe5 {[%clk 0:05:27]} 30. Bxe5 {[%clk 0:03:09]} Rc8
{[%clk 0:04:31]} 31. Bxg7 {[%clk 0:02:38]} Kxg7 {[%clk 0:04:49]} 32. Qe5+
{[%clk 0:01:53]} Qxe5 {[%clk 0:05:11]} 33. Rxe5 {[%clk 0:02:18]} Rc1+
{[%clk 0:05:26]} 34. Kh2 {[%clk 0:02:42]} Rc2 {[%clk 0:05:50]} 35. Ra5
{[%clk 0:01:48]} Rxf2 {[%clk 0:06:05]} 36. Rxa6 {[%clk 0:02:00]} Rxb2
{[%clk 0:06:27]} 37. Kg3 {[%clk 0:01:57]} f6 {[%clk 0:04:02]} 38. Ra7+
{[%clk 0:01:08]} Kg6 {[%clk 0:04:27]} 39. Ra5 {[%clk 0:01:31]} f5
{[%clk 0:00:53]} 40. Ra6+ {[%clk 0:01:00]} Kh5 {[%clk 0:01:19]} 41. Rc6
{[%clk 0:00:42]} Rb3+ {[%clk 0:01:11]} 42. Kf2 {[%clk 0:00:41]} Rb2+
{[%clk 0:00:39]} 43. Kg3 {[%clk 0:00:59]} Rb1 {[%clk 0:00:48]} 44. Kf2
{[%clk 0:00:47]} Rb4 {[%clk 0:00:44]} 45. Kg3 {[%clk 0:00:38]} Rf4
{[%clk 0:01:04]} 46. Ra6 {[%clk 0:00:47]} Rf1 {[%clk 0:01:25]} 47. Ra8
{[%clk 0:00:45]} f4+ {[%clk 0:01:36]} 48. Kh2 {[%clk 0:01:07]} Rf2
{[%clk 0:01:05]} 49. Kg1 {[%clk 0:01:23]} Rb2 {[%clk 0:01:26]} 50. Ra4
{[%clk 0:01:03]} Kh4 {[%clk 0:00:52]} 51. Rc4 {[%clk 0:00:37]} h5
{[%clk 0:00:43]} 52. Ra4 {[%clk 0:00:36]} Rc2 {[%clk 0:00:35]} 53. Rb4
{[%clk 0:00:42]} Ra2 {[%clk 0:01:02]} 54. Rc4 {[%clk 0:00:55]} Rd2
{[%clk 0:01:25]} 55. Ra4 {[%clk 0:00:40]} Re2 {[%clk 0:01:52]} 56. Rb4
{[%clk 0:00:35]} Kg3 {[%clk 0:01:22]} 57. Rb1 {[%clk 0:00:32]} Rxg2+
{[%clk 0:01:38]} 58. Kh1 {[%clk 0:00:38]} Rh2+ {[%clk 0:01:14]} 59. Kg1
{[%clk 0:01:00]} Rxh3 {[%clk 0:01:32]} 60. Rb2 {[%clk 0:00:35]} Kg4
{[%clk 0:00:58]} 61. Ra2 {[%clk 0:00:33]} Rb3 {[%clk 0:01:14]} 62. Kg2
{[%clk 0:00:50]} h4 {[%clk 0:01:31]} 63. Rc2 {[%clk 0:00:41]} h3+
{[%clk 0:01:10]} 64. Kh2 {[%clk 0:01:01]} Kh4 {[%clk 0:01:32]} 65. Rf2
{[%clk 0:00:52]} Ra3 {[%clk 0:01:13]} 66. Kg1 {[%clk 0:00:40]} Rg3+
{[%clk 0:01:14]} 67. Kh1 {[%clk 0:00:55]} Ra3 {[%clk 0:00:49]} 68. Kh2
{[%clk 0:00:44]} f3 {[%clk 0:01:15]} 69. Kg1 {[%clk 0:00:36]} g4 {[%clk 0:01:32]}
70. Rf1 {[%clk 0:00:34]} g3 {[%clk 0:01:50]} 71. Rb1 {[%clk 0:00:44]} h2+
{[%clk 0:01:52]} 72. Kh1 {[%clk 0:00:40]} Kh3 {[%clk 0:02:12]} 0-1

[Event "PMPJ 2022 - C15"]
[Site "Jastrzebia Gora"]
[Date "2022.11.06"]
[Round "1.3"]
[White "Krol, Jan"]
[Black "Skrzypinski, Jan"]
[Result "1-0"]
[BlackElo "1490"]
[WhiteElo "1804"]
[LiveChessVersion "1.4.4"]

1. e4 {[%clk 1:30:57]} c5 {[%clk 1:30:57]} 2. Nf3 {[%clk 1:31:24]} a6
{[%clk 1:31:23]} 3. d4 {[%clk 1:31:22]} cxd4 {[%clk 1:31:45]} 4. Nxd4
{[%clk 1:31:50]} Nf6 {[%clk 1:32:10]} 5. Nc3 {[%clk 1:30:59]} e5 {[%clk 1:32:36]}
6. Nde2 {[%clk 1:26:28]} Bc5 {[%clk 1:32:20]} 7. Ng3 {[%clk 1:21:02]} d6
{[%clk 1:28:50]} 8. Be2 {[%clk 1:17:38]} Nc6 {[%clk 1:27:20]} 9. O-O
{[%clk 1:16:26]} Be6 {[%clk 1:24:55]} 10. Bg5 {[%clk 1:14:25]} h6
{[%clk 1:25:03]} 11. Bxf6 {[%clk 1:04:41]} Qxf6 {[%clk 1:25:16]} 12. Nd5
{[%clk 1:04:16]} Bxd5 {[%clk 1:24:17]} 13. exd5 {[%clk 1:03:29]} Nd4
{[%clk 1:23:37]} 14. Bd3 {[%clk 1:00:39]} g6 {[%clk 1:17:10]} 15. c3
{[%clk 0:58:53]} Nf5 {[%clk 1:16:53]} 16. Qf3 {[%clk 0:59:08]} O-O-O
{[%clk 1:15:44]} 17. b4 {[%clk 0:56:52]} Ba7 {[%clk 1:16:04]} 18. Rab1
{[%clk 0:49:11]} Qg5 {[%clk 1:13:32]} 19. Nxf5 {[%clk 0:48:57]} gxf5
{[%clk 1:13:57]} 20. Bxf5+ {[%clk 0:49:23]} Kb8 {[%clk 1:13:06]} 21. b5
{[%clk 0:49:46]} Bc5 {[%clk 1:13:26]} 22. bxa6 {[%clk 0:49:45]} b6
{[%clk 1:13:52]} 23. a4 {[%clk 0:46:30]} Ka7 {[%clk 1:13:40]} 24. a5 Rb8
{[%clk 1:13:40]} 25. axb6+ {[%clk 0:43:18]} Bxb6 {[%clk 1:13:01]} 26. Rb4
{[%clk 0:37:42]} Bc5 {[%clk 1:12:33]} 27. Rxb8 {[%clk 0:35:24]} Rxb8
{[%clk 1:12:51]} 28. Bd3 {[%clk 0:35:35]} f6 {[%clk 1:12:38]} 29. Qe4
{[%clk 0:34:49]} Qg7 {[%clk 1:11:32]} 30. g3 {[%clk 0:34:33]} h5 {[%clk 1:10:45]}
31. Rb1 {[%clk 0:34:15]} Rxb1+ {[%clk 1:09:58]} 32. Bxb1 {[%clk 0:34:43]} Qg5
{[%clk 1:09:34]} 33. Bd3 {[%clk 0:33:55]} Qc1+ {[%clk 1:03:21]} 34. Kg2
{[%clk 0:34:09]} Qb2 {[%clk 1:02:12]} 35. Qh7+ {[%clk 0:33:26]} Ka8
{[%clk 1:02:29]} 36. Qh8+ {[%clk 0:31:13]} Ka7 {[%clk 1:02:50]} 37. Qxf6
{[%clk 0:31:34]} Qb3 {[%clk 1:02:17]} 38. Qe7+ {[%clk 0:31:55]} Ka8
{[%clk 1:02:39]} 39. Qb7+ {[%clk 0:32:20]} Qxb7 {[%clk 1:02:58]} 40. axb7+
{[%clk 0:32:48]} Kxb7 {[%clk 1:03:22]} 41. h4 {[%clk 0:33:04]} Kc7
{[%clk 1:03:10]} 42. Bg6 {[%clk 0:33:02]} Kd7 {[%clk 1:03:36]} 43. Bxh5
{[%clk 0:32:51]} Ke7 {[%clk 1:04:03]} 44. Bd1 {[%clk 0:33:09]} Kf6
{[%clk 1:04:29]} 45. Bc2 {[%clk 0:33:36]} Ba3 {[%clk 1:03:23]} 46. g4
{[%clk 0:33:44]} Bc1 {[%clk 1:03:37]} 47. g5+ {[%clk 0:34:05]} Kg7
{[%clk 1:04:03]} 48. Kf3 {[%clk 0:34:26]} Bd2 {[%clk 1:04:05]} 49. c4
{[%clk 0:34:17]} Kf7 {[%clk 1:04:15]} 50. Kg4 {[%clk 0:33:53]} Kg7
{[%clk 1:04:41]} 51. h5 {[%clk 0:34:17]} Kf7 {[%clk 1:04:52]} 52. Kf5
{[%clk 0:34:24]} Be1 {[%clk 1:05:15]} 53. f4 {[%clk 0:34:35]} exf4
{[%clk 1:05:35]} 54. Kxf4 {[%clk 0:35:03]} Kg8 {[%clk 1:05:54]} 55. Kf5
{[%clk 0:35:23]} Kg7 {[%clk 1:06:11]} 56. h6+ {[%clk 0:35:35]} Kh8
{[%clk 1:06:32]} 57. Ke6 {[%clk 0:35:02]} Bb4 {[%clk 1:06:53]} 58. g6
{[%clk 0:34:46]} Kg8 {[%clk 1:07:01]} 59. g7 {[%clk 0:34:27]} Bc3
{[%clk 1:07:01]} 60. Bh7+ {[%clk 0:34:34]} Kxh7 {[%clk 1:07:12]} 61. Kf7
{[%clk 0:34:57]} 1-0

[Event "PMPJ 2022 - C15"]
[Site "Jastrzebia Gora"]
[Date "2022.11.06"]
[Round "1.4"]
[White "Bartnik, Michal"]
[Black "Trzebinski, Patryk"]
[Result "0-1"]
[BlackElo "1800"]
[WhiteElo "1480"]
[LiveChessVersion "1.4.4"]

1. e4 {[%clk 1:30:59]} c5 {[%clk 1:30:33]} 2. Nf3 {[%clk 1:31:25]} Nc6
{[%clk 1:30:55]} 3. d4 {[%clk 1:31:45]} cxd4 {[%clk 1:31:17]} 4. Nxd4
{[%clk 1:32:12]} g6 {[%clk 1:31:22]} 5. Nxc6 {[%clk 1:28:54]} bxc6
{[%clk 1:31:34]} 6. c4 {[%clk 1:28:56]} Bg7 {[%clk 1:21:11]} 7. Nc3
{[%clk 1:29:06]} Bxc3+ {[%clk 1:14:46]} 8. bxc3 {[%clk 1:29:20]} Qa5
{[%clk 1:15:01]} 9. Qc2 {[%clk 1:26:38]} Nf6 {[%clk 1:09:43]} 10. Bd3
{[%clk 1:26:34]} O-O {[%clk 1:08:50]} 11. O-O {[%clk 1:26:49]} d6
{[%clk 1:07:16]} 12. Rb1 {[%clk 1:20:02]} Ba6 {[%clk 1:02:15]} 13. Rb4
{[%clk 1:16:44]} Qc7 {[%clk 0:40:36]} 14. Bg5 {[%clk 1:07:20]} Ng4
{[%clk 0:22:48]} 15. Qa4 {[%clk 1:00:30]} c5 {[%clk 0:20:29]} 16. Rbb1
{[%clk 0:57:22]} Bb7 {[%clk 0:16:58]} 17. f4 {[%clk 0:55:04]} Bc6
{[%clk 0:13:55]} 18. Qa3 {[%clk 0:54:36]} f6 {[%clk 0:10:13]} 19. Bh4
{[%clk 0:54:26]} h5 {[%clk 0:08:32]} 20. h3 {[%clk 0:52:23]} Nh6 {[%clk 0:08:54]}
21. Kh1 {[%clk 0:44:28]} Kg7 {[%clk 0:06:08]} 22. Rbe1 {[%clk 0:44:44]} Nf7
{[%clk 0:05:57]} 23. Qc1 {[%clk 0:41:28]} Rab8 {[%clk 0:04:00]} 24. Qd2
{[%clk 0:35:16]} Qb7 {[%clk 0:02:35]} 25. Rb1 {[%clk 0:34:20]} Qa8
{[%clk 0:03:04]} 26. Qc2 {[%clk 0:34:36]} Rxb1 {[%clk 0:02:29]} 27. Rxb1
{[%clk 0:34:56]} e5 {[%clk 0:01:10]} 28. Bg3 {[%clk 0:34:45]} h4 {[%clk 0:01:06]}
29. Bh2 {[%clk 0:34:00]} exf4 {[%clk 0:01:34]} 30. Bxf4 {[%clk 0:34:22]} Re8
{[%clk 0:02:00]} 31. Rd1 {[%clk 0:31:04]} Bxe4 {[%clk 0:01:48]} 32. Bxe4
{[%clk 0:31:21]} Rxe4 {[%clk 0:02:03]} 33. Bxd6 {[%clk 0:31:28]} Nxd6
{[%clk 0:02:31]} 34. Rxd6 {[%clk 0:31:47]} Re1+ {[%clk 0:02:42]} 35. Kh2
{[%clk 0:30:51]} Qb8 {[%clk 0:03:09]} 36. Qd2 {[%clk 0:31:14]} Re6
{[%clk 0:03:23]} 0-1

[Event "PMPJ 2022 - C15"]
[Site "Jastrzebia Gora"]
[Date "2022.11.06"]
[Round "1.5"]
[White "Jaworski, Tymon"]
[Black "Przedlacki, Wiktor"]
[Result "1-0"]
[BlackElo "1474"]
[WhiteElo "1791"]
[LiveChessVersion "1.4.4"]

1. d4 {[%clk 1:28:58]} c5 {[%clk 1:30:50]} 2. d5 {[%clk 1:26:38]} Nf6
{[%clk 1:30:40]} 3. c4 {[%clk 1:26:37]} b5 {[%clk 1:30:09]} 4. cxb5
{[%clk 1:23:55]} a6 5. e3 {[%clk 1:21:04]} g6 {[%clk 1:19:00]} 6. Nc3
{[%clk 1:18:10]} Bg7 {[%clk 1:12:37]} 7. Qb3 {[%clk 1:09:27]} O-O
{[%clk 1:09:23]} 8. Bc4 {[%clk 1:05:46]} d6 {[%clk 1:06:59]} 9. Nge2
{[%clk 0:59:44]} Nbd7 {[%clk 1:04:44]} 10. bxa6 {[%clk 0:52:31]} Bxa6
{[%clk 1:00:07]} 11. Bxa6 {[%clk 0:51:19]} Rxa6 {[%clk 1:00:27]} 12. O-O
{[%clk 0:51:27]} Nb6 {[%clk 0:54:08]} 13. e4 {[%clk 0:48:01]} Qa8
{[%clk 0:50:15]} 14. Qc2 {[%clk 0:45:31]} Rb8 {[%clk 0:43:31]} 15. b3
{[%clk 0:41:32]} Nfd7 {[%clk 0:32:20]} 16. Bb2 {[%clk 0:38:28]} c4
{[%clk 0:23:19]} 17. b4 {[%clk 0:35:25]} Ne5 {[%clk 0:19:31]} 18. Nd4
{[%clk 0:29:54]} Nd3 {[%clk 0:15:00]} 19. Ndb5 {[%clk 0:17:24]} Qb7
{[%clk 0:13:10]} 20. a3 {[%clk 0:15:16]} Nd7 {[%clk 0:09:22]} 21. Rfb1
{[%clk 0:11:54]} N7e5 {[%clk 0:08:44]} 22. Bc1 {[%clk 0:08:35]} Ng4
{[%clk 0:05:31]} 23. Be3 {[%clk 0:07:11]} Qd7 {[%clk 0:04:22]} 24. Nd4
{[%clk 0:05:33]} Nxe3 {[%clk 0:04:22]} 25. fxe3 {[%clk 0:05:22]} Qa7
{[%clk 0:04:22]} 26. Nce2 {[%clk 0:03:55]} Rxa3 {[%clk 0:02:29]} 27. Rxa3
{[%clk 0:03:38]} Qxa3 {[%clk 0:02:51]} 28. Qxc4 {[%clk 0:03:39]} Nxb4
{[%clk 0:02:14]} 29. Nc2 {[%clk 0:03:29]} Qa4 {[%clk 0:00:57]} 30. Nxb4
{[%clk 0:03:14]} Bh6 {[%clk 0:00:49]} 31. Kf2 {[%clk 0:03:17]} Qa3
{[%clk 0:01:00]} 32. Nc2 {[%clk 0:02:43]} Bxe3+ {[%clk 0:00:51]} 33. Kf3 1-0

[Event "PMPJ 2022 - C15"]
[Site "Jastrzebia Gora"]
[Date "2022.11.06"]
[Round "1.6"]
[White "Zieba, Hubert"]
[Black "Rylski, Tadeusz"]
[Result "1-0"]
[BlackElo "1741"]
[WhiteElo "1453"]
[LiveChessVersion "1.4.4"]

1. c4 {[%clk 1:30:58]} e5 {[%clk 1:30:45]} 2. g3 {[%clk 1:31:23]} Nf6
{[%clk 1:30:18]} 3. Bg2 {[%clk 1:31:47]} d5 {[%clk 1:30:09]} 4. cxd5
{[%clk 1:32:10]} Nxd5 {[%clk 1:30:26]} 5. Nc3 {[%clk 1:32:36]} Nb6
{[%clk 1:30:39]} 6. Nf3 {[%clk 1:32:55]} Nc6 {[%clk 1:31:01]} 7. O-O
{[%clk 1:33:16]} Be7 {[%clk 1:31:19]} 8. d3 {[%clk 1:33:36]} Be6 {[%clk 1:31:37]}
9. Be3 {[%clk 1:32:47]} Nd5 {[%clk 1:30:58]} 10. Nxd5 {[%clk 1:31:44]} Bxd5
{[%clk 1:29:59]} 11. Qa4 {[%clk 1:32:02]} O-O {[%clk 1:26:29]} 12. Rfc1
{[%clk 1:29:18]} Re8 {[%clk 1:18:50]} 13. Nd2 {[%clk 1:22:15]} Bxg2
{[%clk 1:06:37]} 14. Kxg2 {[%clk 1:22:39]} Nd4 {[%clk 1:05:01]} 15. Bxd4
{[%clk 1:22:41]} exd4 {[%clk 1:05:22]} 16. Nf3 {[%clk 1:19:57]} Bf6
{[%clk 0:56:42]} 17. Rc2 {[%clk 1:19:16]} c6 {[%clk 0:53:15]} 18. b4
{[%clk 1:13:42]} Qd5 {[%clk 0:45:48]} 19. Qa5 {[%clk 1:08:33]} Qxa5
{[%clk 0:34:25]} 20. bxa5 {[%clk 1:08:56]} Rac8 {[%clk 0:26:40]} 21. Rb1
{[%clk 1:07:30]} Rc7 {[%clk 0:23:39]} 22. Rb4 {[%clk 1:07:30]} Rd8
{[%clk 0:22:25]} 23. Rbc4 {[%clk 1:05:41]} a6 {[%clk 0:19:15]} 24. Nd2
{[%clk 1:04:15]} Rd5 {[%clk 0:17:20]} 25. Nb3 {[%clk 1:03:01]} g6
{[%clk 0:15:52]} 26. Rc5 {[%clk 1:02:26]} Rd6 {[%clk 0:12:28]} 27. R5c4
{[%clk 1:01:19]} Rd5 {[%clk 0:10:39]} 28. Rc5 {[%clk 1:01:12]} Rxc5
{[%clk 0:08:35]} 29. Rxc5 {[%clk 1:00:51]} Be7 {[%clk 0:07:18]} 30. Rc4
{[%clk 1:01:11]} Bf6 {[%clk 0:04:01]} 31. Nxd4 {[%clk 1:01:35]} Re7
{[%clk 0:04:19]} 32. Kf3 {[%clk 1:01:29]} Bxd4 {[%clk 0:03:06]} 33. Rxd4
{[%clk 1:01:53]} Re5 {[%clk 0:03:33]} 34. Rb4 {[%clk 1:02:03]} Rxa5
{[%clk 0:03:50]} 35. Rxb7 {[%clk 1:02:18]} Rxa2 {[%clk 0:04:12]} 36. d4
{[%clk 1:01:39]} Kg7 {[%clk 0:01:43]} 37. Rb6 {[%clk 1:02:02]} Ra4
{[%clk 0:01:32]} 38. e3 {[%clk 1:01:04]} Kf6 {[%clk 0:00:56]} 39. Rxc6+
{[%clk 1:01:17]} Ke7 {[%clk 0:01:18]} 40. h4 {[%clk 1:00:01]} Ra2
{[%clk 0:01:21]} 41. h5 {[%clk 0:59:59]} gxh5 {[%clk 0:00:48]} 42. Rh6
{[%clk 1:00:19]} a5 {[%clk 0:01:10]} 43. Rxh7 {[%clk 1:00:32]} a4
{[%clk 0:01:20]} 44. Rxh5 {[%clk 1:00:58]} a3 {[%clk 0:01:47]} 45. Ra5
{[%clk 1:01:12]} Ke6 {[%clk 0:01:54]} 46. Ke4 {[%clk 1:00:23]} Ra1
{[%clk 0:01:39]} 47. Ra6+ {[%clk 1:00:33]} Ke7 {[%clk 0:01:56]} 48. Ke5
{[%clk 1:00:28]} a2 {[%clk 0:01:46]} 49. Ra7+ {[%clk 1:00:43]} Kd8
{[%clk 0:02:12]} 50. Kf6 {[%clk 1:00:55]} Kc8 {[%clk 0:02:29]} 51. Kxf7
{[%clk 1:01:20]} Kb8 {[%clk 0:02:56]} 52. Ra3 {[%clk 1:01:36]} Kc7
{[%clk 0:03:15]} 53. Ke6 {[%clk 1:01:51]} Kb6 {[%clk 0:02:02]} 54. d5
{[%clk 1:02:14]} Kc5 {[%clk 0:02:24]} 55. d6 {[%clk 1:02:36]} Kb4
{[%clk 0:02:27]} 56. Ra8 {[%clk 1:03:00]} Kb3 {[%clk 0:02:29]} 57. d7
{[%clk 1:03:23]} Rd1 {[%clk 0:02:56]} 58. Ke7 {[%clk 1:03:40]} Kb2
{[%clk 0:03:10]} 59. d8=Q {[%clk 1:03:58]} Rxd8 {[%clk 0:03:27]} 60. Kxd8
{[%clk 1:04:20]} 1-0